Rocks that rock collectors are TIRED of getting - Statistics

General Stats
  • This quiz has been taken 12 times
  • The average score is 7 of 15
Answer Stats
Picture Answer % Correct
Amethyst
100%
Quartz
90%
Pyrite
80%
Copper
70%
Granite
70%
Rose Quartz
60%
Tiger's eye
60%
Calcite
30%
Jasper
30%
Labradorite
20%
Chalcedony
10%
Fluorite
10%
Rhodonite
10%
Snowflake Obsidian
10%
Sodalite
10%
No matching quizzes found
Score Distribution
Percent of People with Each Score
Percentile by Number Answered
Your Score History
You have not taken this quiz